| 000 | 00620nam a2200181 i 4500 | ||
|---|---|---|---|
| 001 | 71791 | ||
| 003 | ES-MaACL | ||
| 005 | 20230906171229.0 | ||
| 007 | t| | ||
| 008 | 040818s1959 sp ||||1| spa d | ||
| 100 | 1 |
_aGhorbal, Shafik. _956586 |
|
| 245 | 1 | 0 |
_aIdeas y movimientos en la historia musulmana / _cpor Shafik Ghorbal. |
| 260 |
_aMadrid : _b[s.n., _c1959] ( _fImp. Instituto de Estudios Islámicos) |
||
| 300 |
_a40 p. ; _c24 cm. |
||
| 500 | _aPrecede al tit.: Instituto de Estudios Islámicos en Madrid. | ||
| 710 | 2 |
_aInstituto de Estudios Islámicos (Madrid) _94912 |
|
| 852 |
_aES-MaACL _j2020-F-12 _bR.45267 |
||
| 999 |
_c71791 _d71791 |
||